• 首页
  • 本馆介绍
  • 公告通知
  • 最新文献
  • 馆藏检索
  • 电子资源
  • 读者导购
  • 参考咨询
  • 我的图书馆
  • 登录
  • 详细信息显示
  • 放入我的书架
  • 预约/预借图书
  • 作者相关作品
  • 分类相关作品
  • 丛书相关作品
  • 出版社相关作品

书目信息

  • 表格格式
  • 工作单格式
  • 卡片格式
题名:
中国人的信任游戏
    
 
作者: 罗家德 , 叶勇助 著
分册:  
出版信息: 北京   社会科学文献出版社  2007
页数: 299页
开本: 22cm
丛书名:
单 册:
中图分类: F72
科图分类:
主题词: 市场经济学--伦理学--研究--中国--现代 , 商业经营--人际关系学--研究--中国--现代 , 市场经济学 , 伦理学 , 商业经营 , 人际关系学 , 商业经济--中国
电子资源:
ISBN: 978-7-80230-479-6
000 01099nam0 2200313 450
001 1140746622
005 20111005112109.65
010    @a978-7-80230-479-6@dCNY20.00
100    @a20070104d2007 em y0chiy50 ea
101 0  @achi
102    @aCN@b110000
105    @ay z 000yy
200 1  @a中国人的信任游戏@Azhong guo ren de xin ren you xi@dThe Chinese game of trust@f罗家德,叶勇助著@zeng
210    @a北京@c社会科学文献出版社@d2007
215    @a299页@d22cm
330    @a本书主旨是在讨论:中国人做生意时有多么“理性”?人情、关系与信任又在其中扮演什么角色?中国式管理总是不断强调关系,但中国人讲的关系到底是什么?和西方理论中的社会连带有和不同?
510 1  @aChinese game of trust@zeng
606 0  @a市场经济学@x伦理学@x研究@y中国@z现代
606 0  @a商业经营@x人际关系学@x研究@y中国@z现代
606 0  @a市场经济学
606 0  @a伦理学
606 0  @a商业经营
606 0  @a人际关系学
606 0  @a商业经济@x中国
690    @aF72@v4
701  0 @a罗家德@Aluo jia de@c(社会学)@4著
701  0 @a叶勇助@Aye yong zhu@4著
801  0 @aCN@bNLC@c20101222
905    @a10447@dF72@eJY101
    
    中国人的信任游戏=The Chinese game of trust/罗家德,叶勇助著.-北京:社会科学文献出版社,2007
    299页;22cm
    
    
    ISBN 978-7-80230-479-6:CNY20.00
    本书主旨是在讨论:中国人做生意时有多么“理性”?人情、关系与信任又在其中扮演什么角色?中国式管理总是不断强调关系,但中国人讲的关系到底是什么?和西方理论中的社会连带有和不同?
●
相关链接 在E读中查询图书 在五车中查询图书 在当当中查询图书 在豆瓣中查询图书


正题名:中国人的信任游戏     索取号:F72/JY101         预约/预借

序号 登录号 条形码 馆藏地/架位号 状态 备注
1 7814244   278142449   学院路分馆/ [索取号:F72/JY101] 在馆    
2 7814245   278142458   学院路分馆/ [索取号:F72/JY101] 在馆    
唐山师范学院图书馆 欢迎您!
大连网信软件有限公司© 版权所有